Les répliques cultes - films américains - Statistiques

Statistiques générales
  • Ce quiz a été pris 250 fois
    187 depuis la dernière actualisation
  • Le résultat moyen est 3 sur 19
Statistiques - réponses
Hint Réponse % Correct
Mon nom est Bond,_____ James Bond.
97%
Luke,____ je suis ton père.
53%
La vie c'est comme____ une boite de chocolat.
52%
Un grand pouvoir____ implique de grandes responsabilités.
41%
Dessine moi ____ comme une de tes françaises.
17%
Maintenant, si ça ne vous dérange pas, je vais me coucher, avant que l'un de vous ait encore une brillante idée pour nous faire tuer,___ ou pire, nous faire expulser !
14%
Tu vois le monde se divise en 2 catégories, ceux qui ont un pistolet chargé,___ et ceux qui creusent. Toi, tu creuses.
12%
J'adore l'odeur du napalm____ au petit matin.
9%
Je suis désormais inéluctable. ____ Et moi je suis Iron Man.
9%
Mon père lui a fait une offre____ qu'il ne pouvait pas refuser.
7%
J'ai dégusté son foie avec des fèves au beurre,____ et un excellent chianti.
4%
Et que cette journée reste dans vos mémoires, ___ comme celle ou vous avez failli capturer le capitaine Jack Sparrow.
3%
Allo McFly, y’a personne au bout du fil !____ Faut réfléchir McFLy !
3%
Si tu veux un conseil, oublie que t'as aucune chance. ___ On sait jamais, sur un malentendu ca peut passer.
2%
Le coup le plus rusé que le diable ait jamais réussi,___ c’est de faire croire à tout le monde qu’il n’existait pas.
1%
Mon nom est Maximus Desimus Meridius, commandant en chef des armées du nord, général des légions Félix, fidèle serviteur du vrai empereur Marc Aurel.Père d’un fils assassiné, époux d’une femme assassiné,____ et j’aurais ma vengeance dans cette vie ou dans l’autre.
1%
Il y a un adage qui dit qu'on fait toujours du mal à ceux qu'on aime,____ mais il oublie de dire qu'on aime ceux qui nous font du mal.
1%
Les pieds je les met ou je veux,____ Et c'est souvent dans la geule.
0%
Et qu'est ce qui te revient à toi Tony? ____ Le monde chico et tout ce qu'il contient.
0%
Aucun quiz correspondant
Distribution des résultats
% des personnes avec chaque résultat
Percentile par nombre de réponses
Votre historique - résultats
Vous n’avez pas pris ce quiz depuis la dernière actualisation